000 00739nam a2200265Ia 4500
003 OSt
005 20220924114749.0
006 a|||||r|||| 00| 0
007 ta
008 220923b |||||||| |||| 00| 0 ara d
020 _a9770218448
020 _c120.00
024 _a337222
037 _cTextual
040 _aARTS
_cARTS
_bara
041 _2ara
_aara
082 _aO28,1:g(S:56), M6
100 _aShoori Mustafi Abdul Shafi Au.
_9175223
245 0 _aShora-i-al-rasa-i-fi sadrul islam
260 _aCairo
_bDar-al-ma'arif Egypt
_c1986
300 _a182p.
_ccm.
650 _aARABIC POETRY
942 _hO28,1:g(S:56), M6
_cTEXL
_2CC
999 _c395163
_d395163